| 000 | 00523cam a2200217 4500 | ||
|---|---|---|---|
| 001 | B2146 | ||
| 008 | 090401t1989 xxu||||| |||| 00| 0 eng d | ||
| 035 | _a(Sirsi) u48276 | ||
| 041 | _aeng | ||
| 050 | _a333.33709421 | ||
| 110 |
_aEdward Erdman _92048 |
||
| 245 | _aLondon`s office market: the overseas influence | ||
| 260 |
_aLondon _bEdward Erdman _c1989 |
||
| 300 | _a23p. ; 30cm. | ||
| 350 | _a0 | ||
| 650 | _aLONDON | ||
| 650 | _aOFFICES | ||
| 650 | _aOVERSEAS COMPANIES | ||
| 942 | _n0 | ||
| 948 | _c04/03/1997 | ||
| 999 |
_c92313 _d92313 |
||